Loading...
| LEADER | 00466nam a2200157Ia 4500 | ||
|---|---|---|---|
| 008 | 150624b xxu||||| |||| 00| 0 eng d | ||
| 082 | |a 530 | ||
| 100 | |a White, Harvey E. | ||
| 245 | |a Descriptive college physics / |c Harvey E. White | ||
| 250 | |a 3rd. ed. | ||
| 300 | |a 1971 | ||
| 490 | |a 456p | ||
| 650 | |x Physics. | ||
| 942 | |c BK | ||
| 999 | |c 1721 |d 1721 | ||
| 952 | |0 0 |1 0 |4 0 |6 530_000000000000000_WHI_T |7 0 |9 1720 |a UL |b UL |c ST2 |d 1998-09-07 |l 0 |o 530 WHI/T |p 3510 |r 2012-10-27 |w 2012-10-27 |y BK | ||